The internet and information skills : A guide for teachers and school librarians

Guardat en:
Dades bibliogràfiques
Autor principal: Herring, James E.
Format: Llibre
Idioma:Undetermined
Publicat: London Facet 2004
Matèries:
Etiquetes: Afegir etiqueta
Sense etiquetes, Sigues el primer a etiquetar aquest registre!
Thư viện lưu trữ: Trung tâm Học liệu Trường Đại học Cần Thơ
LEADER 00584nam a2200193Ia 4500
001 CTU_49397
008 210402s9999 xx 000 0 und d
082 |a 025.04 
082 |b H567 
100 |a Herring, James E. 
245 4 |a The internet and information skills : 
245 2 |b A guide for teachers and school librarians 
245 0 |c James E. Herring 
260 |a London 
260 |b Facet 
260 |c 2004 
650 |a Information services,Reference services ( libraries ),Database searching 
904 |i Minh 
980 |a Trung tâm Học liệu Trường Đại học Cần Thơ